| 000 | 00644nam a22002057a 4500 | ||
|---|---|---|---|
| 005 | 20251108164759.0 | ||
| 008 | 250721s1988 xx 000 0 ara d | ||
| 082 | 1 | 4 | _a811.9565/محا |
| 100 | 1 | _aمحادين، خالد | |
| 245 | 1 | 0 | _aصلوات للفجر الطالع / |
| 250 | _aط2. | ||
| 264 | 1 |
_aعمان : _bوزارة الثقافة و التراث القومي، _c1988. |
|
| 300 | _a168ص. | ||
| 490 | 0 | _aمنشورات الوزارة الثقافة و التراث القومي | |
| 650 | 1 | 7 | _aالشعر العربي |
| 650 | 1 | 7 | _aالعصر الحديث |
| 650 | 1 | 7 | _aالأردن |
| 942 |
_2ddc _cBK |
||
| 999 |
_c14189 _d14189 |
||